| 000 | 00599nam a2200181Ia 4500 | ||
|---|---|---|---|
| 008 | 151018s9999 xx 000 0 und d | ||
| 082 |
_bRBASDV227 _a891.461 |
||
| 100 | _aगो. ना. दातार | ||
| 245 | _aरामदास व रामदासी ग्रंथ | ||
| 250 | _b1 | ||
| 260 | _b- | ||
| 300 | _a719 | ||
| 600 | _aगो. ना. दातार | ||
| 630 | _aरामदास व रामदासी ग्रंथ | ||
| 700 | _aगो. ना. दातार | ||
| 730 | _aरामदास व रामदासी ग्रंथ | ||
| 942 | _cBOOK | ||
| 999 |
_c1002697 _d1002694 |
||